100 [i.e. Cien] Great Masterpieces (Record no. 3538)

MARC details
000 -CABECERA
campo de control de longitud fija 00781nam a2200241 a 4500
001 - NÚMERO DE CONTROL
campo de control BRCA_3809
005 - FECHA Y HORA DE LA ÚLTIMA TRANSACCIÓN
campo de control 20190320204431.0
008 - DATOS DE LONGITUD FIJA--INFORMACIÓN GENERAL
campo de control de longitud fija 100610s1969----nyua######---#000-0#eng-#
020 ## - NÚMERO INTERNACIONAL ESTÁNDAR DEL LIBRO
Número Internacional Estándar del Libro 810903490
041 ## - CÓDIGO DE LENGUA
Código de lengua del texto/banda sonora o título independiente eng
044 ## - CÓDIGO DEL PAÍS DE LA ENTIDAD EDITORA/PRODUCTORA
Código MARC del país nyu
050 #4 - SIGNATURA TOPOGRÁFICA DE LA BIBLIOTECA DEL CONGRESO
Número de clasificación F1219.3
Número de documento/Ítem .B47 1969
100 1# - ENTRADA PRINCIPAL--NOMBRE DE PERSONA
Nombre de persona Bernal, Ignacio
9 (RLIN) 778
245 10 - MENCIÓN DE TÍTULO
Título 100 [i.e. Cien] Great Masterpieces
Resto del título of the Mexican National Museum of Anthropology
Mención de responsabilidad, etc. Ignacio Bernal ; photographs by Constantino Reyes.
260 ## - PUBLICACIÓN, DISTRIBUCIÓN, ETC.
Lugar de publicación, distribución, etc. Nueva York
Nombre del editor, distribuidor, etc. Harry N. Abrams
Fecha de publicación, distribución, etc. 1969
300 ## - DESCRIPCIÓN FÍSICA
Extensión 15 p.
Otras características físicas il. (algunas a color), 100 láminas
Dimensiones 34 cm.
500 ## - NOTA GENERAL
Nota general Incluye comentarios de las láminas
500 ## - NOTA GENERAL
Nota general AM34
650 14 - PUNTO DE ACCESO ADICIONAL DE MATERIA--TÉRMINO DE MATERIA
Término de materia o nombre geográfico como elemento de entrada Arte precolombino
Subdivisión geográfica México
9 (RLIN) 9926
700 1# - PUNTO DE ACCESO ADICIONAL--NOMBRE DE PERSONA
Nombre de persona Reyes, Constantino
Término indicativo de función/relación Fotógrafo
9 (RLIN) 9927
902 ## - CATALOGADOR
Iniciales GFM
942 ## - ELEMENTOS DE PUNTO DE ACCESO ADICIONAL (KOHA)
Fuente del sistema de clasificación o colocación Library of Congress Classification
Tipo de ítem Koha Libros
Holdings
Estado de retiro Estado de pérdida Estado dañado No para préstamo Localización permanente Ubicación/localización actual Fecha de adquisición Número de inventario Total de préstamos Signatura topográfica completa Código de barras Fecha visto por última vez Precio válido a partir de Tipo de ítem Koha
El ejemplar forma parte de la colección y puede ser consultado según las políticas vigentes.       Biblioteca del Museo Franz Mayer (Rogerio Casas-Alatriste) Biblioteca del Museo Franz Mayer (Rogerio Casas-Alatriste) 22/11/2009 AM34   F1219.3 .B47 1969 (AM34) 3806 22/03/2019 22/03/2019 Libros